000 00655nam a2200241 i 4500
001 C2-0110720
003 PPAK
005 20180727103134.0
008 970625s1949 enka|||| ||||| | eng d
040 _aPPAK
_beng
_cPPAK
_erda
082 0 4 _a940.0042
_223
090 0 0 _a940.0042
_bECK
_dKSI
100 1 _aEckersley, C.E.,
_eauthor
245 1 0 _aPattern of England :
_bbook two
264 1 _aLondon :
_bLongman ,
_c1949
300 _a208 pages :
_billustrations ;
_c18 cm
336 _2rdacontent
_atext
337 _2rdamedia
_aunmediated
338 _2rdacarrier
_avolume
650 1 0 _aEngland - Civilization
700 _eauthor
942 _ddc
_cB
999 _c27434
_d27434